Ideas pedagógicas en el Caribe.

I tiakina i:
Ngā taipitopito rārangi puna kōrero
Kaituhi matua: Serna H., Juan Manuel de la (autor)
Hōputu: Pukapuka
Reo:Pāniora
Rangatū:(Biblioteca pedagógica ; no. 37)
Ngā marau:
Ngā Tūtohu: Tāpirihia he Tūtohu
Kāore He Tūtohu, Me noho koe te mea tuatahi ki te tūtohu i tēnei pūkete!

MARC

LEADER 00000cam^a2200000uu^4500
001 000479953
005 20250521000000.0
008 050901s1985^^^^^^^^^^^^rd^r^^000^0^spa^d
009 20260310124950.866
022 |a 9686011951 
035 |a FCE 000022960 
035 |a FCE 004139 
037 |a Acervo ITESO - Biblioteca 
041 |a spa 
082 0 4 |a 082.1  |b SECa 37 
100 |a Serna H., Juan Manuel de la  |e (autor) 
245 1 0 |a Ideas pedagógicas en el Caribe. 
264 |a México :  |b SEP : El Caballito,  |c 1985. 
300 |a 156 p. 
336 |a texto  |b txt  |2 rdacontenido 
337 |a sin mediación  |b n  |2 rdamedio 
338 |a volumen  |b nc  |2 rdasoporte 
440 0 |a (Biblioteca pedagógica ;  |v no. 37) 
649 |a XX 
650 |a Trabajador 
650 |a Ideología 
650 |a Pedagogía 
650 |a Cuba 
650 |a América Latina 
650 |a Caribe 
650 |a Puerto Rico 
910 |a Fondo Centro de Estudios Educativos 
920 |a Impresos - Libros 
930 |a Fondos Especiales 
905 |a 133 
901 |a ALE004139  |b IT2  |c CEE  |u 20250521 
901 |a ALE045423  |b IT2  |c CEE  |u 20250521 
901 |a ALE067127  |b IT2  |c CEE  |u 20250521 
902 |a https://opac.biblio.iteso.mx/vufind/Record/000479953